000 01110nas a2200337 4500
001 BR2013008523
003 BR-BrBNA
005 20231205123117.0
007 ta
008 230509b bl.|||p| |||| 00| 00por d
040 _aBR-BrBNA
_bpor
_cBiblioteca Nacional de Agricultura
041 _a(Pt)
072 _aQ03
100 1 _aTeodoro, V.A.M.
100 1 _aMachado, G. de M.
100 1 _aMiguel, E.M.
100 1 _aTeixeira, S.A.
100 1 _aTelles, S.S.
100 1 _aPereira, D.A.
245 1 _aImportância da implementação de boas práticas na produção de leite para a fabricação de queijos artesanais de Minas Gerais
650 _aQUEIJO DE MINAS
650 _aSEGURANÇA ALIMENTAR
650 _aCONTAMINAÇÃO
650 _aPROPRIEDADE FÍSICO-QUÍMICA
650 _aMICROBIOLOGIA
650 _aLEGISLAÇÃO
650 _aMINAS GERAIS
773 0 _tInforme Agropecuário - Empresa de Pesquisa Agropecuaria de Minas Gerais (Brazil)
_xISSN 0100-3364
_g(Mar-Apr 2013), v. 34(273) p. 17-29
_wBR2013008523
909 _a202311
_bLúcia
_c55
_dLúcia Elande
942 _2AGRIS
_n0
_cANA
999 _c232224
_d232224